00975nab a2200265 i 4500003000900000005001700009008004100026040001800067072001400085072000800099100004500107100002800152245006800180500004700248650001100295650002700306650001200333650000900345650002600354650001900380773021500399856006800614942000800682999001900690BR-BrBNA20250715094920.0250715b2021 bl.tr|poo|||| 00| 0 por | aBR-BrBNAbpor aH50b1112 aF40 aNegreiros, Ricardo José Zimmermann De  aSalvador, Bruno Krauss  aImpactos do ciclone-bomba na bananicultura do Norte Catarinense a Publicação online; 9 ref.; 4 illus.; aBANANA aCONDIÇÃO AMBIENTAL aCICLONE aDANO aPERDA DA PRODUÇÃO aSANTA CATARINA0 018139317205dFlorianópolis-SC Empresa de Pesquisa Agropecuária e Extensão Rural de Santa Catarina 1988-o2024-3829tAgropecuária Catarinense (Brazil)x0103-0779gv. 34(3) p. 12-15; (2021)wBR2025003990 uhttps://publicacoes.epagri.sc.gov.br/rac/article/view/1227/1208 cANA c333322d333322